Movie Quotes Quiz Stats

 Plays Quiz Updated Mar 20, 2018

Score 0/16 Timer 04:00
6 Plays Today
Quote Movie Title % Correct
Say hello to my little friend!Scarface
78.5%
Nobody puts Baby in a corner.Dirty Dancing
71.4%
I ate his liver with some fava beans and a nice Chianti.The Silence of the Lambs
70.7%
You've got to ask yourself one question: 'Do I feel lucky?' Well, do ya, punk?Dirty Harry
61.9%
Get your stinking paws off me, you damned dirty ape!Planet of the Apes
61%
I am serious... and don't call me Shirley.Airplane
60.5%
My name is Inigo Montoya. You killed my father. Prepare to die.The Princess Bride
59.3%
I love the smell of napalm in the morning.Apocalypse Now
47.2%
Quote Movie Title % Correct
We're on a mission from God.The Blues Brothers
42.2%
Sweep the leg.Karate Kid
41.4%
A boy's best friend is his mother.Psycho
34%
Gentlemen, you can't fight in here. This is the war room.Dr. Strangelove
33.3%
What we've got here is failure to communicate.Cool Hand Luke
26.6%
Check out the big brain on Brett.Pulp Fiction
26.4%
Fat, drunk, and stupid is no way to go through life, son.National Lampoon's Animal House
24.9%
I drink your milkshake! I drink it up!There Will Be Blood
24%

You're not logged in!

Compare scores with friends on all Sporcle quizzes.
OR
Log In

Sporcle TV

Today on Sporcle TV


Watch our educational content, quiz creation guides, and fun videos on Sporcle TV.

Show Comments

Extras

Top Quizzes Today


Score Distribution

Your Account Isn't Verified!

In order to create a playlist on Sporcle, you need to verify the email address you used during registration. Go to your Sporcle Settings to finish the process.

Report this User

Report this user for behavior that violates our Community Guidelines.

Details: